000 00348pam a2200133 a 4500
020 _a9780070616783
_c
040 _aASUS_788001
041 _aeng
100 _aVeerarajan, T.
245 _aDiscrete mathematics
_bWith graph theory and combinatorics
260 _aNew delhi
_bTata McGrow Hill
_c2008
300 _axii, 531p.
_c24cm.
930 _a8880
999 _c85786
_d85786